LEADER 01000nam0 2200277 450 001 000021878 005 20090305104307.0 100 $a20080702d1927----km-y0itaa50------ba 101 0 $aita 102 $aIT 200 1 $aTerre dell'Islam$fMario Corsi 210 $aMilano$cAlpes$d1927 215 $aXV, 170 p., [54] p. di tav.$cfot.$d20 cm. 300 $aIn cop. e in testa al front. firma autografa: Sergio de Pilato, maggio '934, XII 607 $aLibia$xDescrizioni e viaggi$xEd. ante 1945 676 $a916.12$v(21. ed.)$9Geografia. Libia 700 1$aCorsi,$bMario$038960 801 0$aIT$bUniversità della Basilicata - B.I.A.$gRICA$2unimarc 912 $a000021878 996 $aTerre dell'Islam$988556 997 $aUNIBAS BAS $aLETTERE CAT $aSTD063$b01$c20080702$lBAS01$h1023 CAT $aTTM$b30$c20090305$lBAS01$h1043 FMT Z30 -1$lBAS01$LBAS01$mBOOK$1BASA1$APolo Storico-Umanistico$2FDEP2$BFondo De Pilato Biscione$3FD/107772$6107772$5L107772$820090305$f52$FRari LEADER 01259nem a2200265 i 4500 001 991003854519707536 007 aj|canzn 008 080904s1868 sp dg a 0 spa d 035 $ab13761298-39ule_inst 082 0 $a912.19 100 1 $aCoello, Francisco$d<1822-1898>$0313112 245 10$aBúrgos$h[Materiale cartografico] /$cpor el teniente coronel capitan de ingenieros D. Francisco Coello ; las notas históricas y estadísticas han sido escritas por D. Pascual Madoz ; grabado en Madrid bajo la dirección del autor 255 $a1:200000 260 $aMadrid :$b[s.n.],$c1868 300 $a1 c. geogr. col. rileg. in tela ;$c(79 x 103 cm.) ripieg. in 18 x 13 cm 440 0$aAtlas de España y sus posesiones de ultramar 500 $aTit. alternativo: Atlas de España y sus posesiones de ultramar. Diccionario geográfico, estadístico, histórico 500 $aMeridiano del observatorio de Madrid. 700 1 $aMadoz, Pascual$d<1806-1870> 907 $a.b13761298$b02-04-14$c04-09-08 912 $a991003854519707536 945 $aLE023 Ed. preg. XXIX, 2 $g1$iLE009-1178$lle023$o-$pE0.00$q-$rn$so $t0$u0$v0$w0$x0$y.i14820924$z04-09-08 996 $aBúrgos$91228375 997 $aUNISALENTO 998 $ale023$b04-09-08$cm$de $eo$fspa$gsp $h0$i0